Normal view
MARC view
- Das, Braja M.
Entry Personal Name
001 - CONTROL NUMBER
- control field: 23492
003 - CONTROL NUMBER IDENTIFIER
- control field: NUST
005 - DATE AND TIME OF LATEST TRANSACTION
- control field: 20191010191107.0
008 - FIXED-LENGTH DATA ELEMENTS
- fixed length control field: 191010|| aca||aabn | a|a d
040 ## - CATALOGING SOURCE
- Original cataloging agency: NUST
- Transcribing agency: NUST
100 ## - HEADING--PERSONAL NAME
- Personal name: Das, Braja M.
670 ## - SOURCE DATA FOUND
- Source citation: Work cat.: (NUST): Das, Braja M., Textbook of Geotechnical Engineering
